|
|
|
|
| LEADER |
00851nta a2200193 i 4500 |
| 001 |
dipl63787 |
| 005 |
20221205091514.0 |
| 008 |
221130s2014 hu om 0|| hun d |
| 040 |
|
|
|a SZTE Diploma Repozitórium
|b hun
|
| 041 |
|
|
|a hun
|
| 100 |
1 |
|
|a Vastag Erika Irén
|
| 245 |
1 |
0 |
|a Foglalkoztatásra vonatkozó jogszabályok változása Magyarország Uniós csatlakozásától napjainkig a munkaügyi ellenőrzés tükrében
|h [elektronikus dokumentum] /
|c Erika Irén Vastag
|
| 246 |
1 |
0 |
|a Law changes for jobs EU accession to the present form Hungary the labor inspectore light
|h [elektronikus dokumentum]
|
| 260 |
|
|
|c 2014
|
| 650 |
|
4 |
|a Jogi és igazgatási tanulmányok
|
| 650 |
|
4 |
|a Social sciences
|
| 650 |
|
4 |
|a Law
|
| 700 |
1 |
|
|a Maszong Attila Zoltán
|e ths
|
| 856 |
4 |
0 |
|u https://diploma.bibl.u-szeged.hu/id/eprint/63787/1/2014_vastag_erika.pdf
|z Dokumentum-elérés
|